| 000 | 00611nam a2200217Ia 4500 | ||
|---|---|---|---|
| 003 | OSt | ||
| 005 | 20251210095318.0 | ||
| 008 | 210210b1992 xxu||||| |||| 00| 0 eng d | ||
| 020 | _a8171880185 | ||
| 040 | _cAL | ||
| 041 | _aeng | ||
| 082 | _a820.9 PATP | ||
| 100 |
_aPathak R S _9248577 |
||
| 245 |
_aProfiles in literary courage _b: studies in english literature |
||
| 260 |
_aND _bAcademic Foundation _c1992 |
||
| 300 | _a192p | ||
| 650 |
_aWilliam Wordsworth Oscar Wilde Lawrence D H Eliot T S Somerset Maugham _9248578 |
||
| 690 |
_aEnglish Criticism _9248579 |
||
| 906 | _a056106 | ||
| 942 |
_2ddc _cBK |
||
| 999 |
_c103663 _d103663 |
||